00708cam a22001934a 4500020002700000040000800027082002600035100002500061245004100086260003400127300003300161650002400194700002100218856006200239856005400301942000700355999001700362952013500379 a0072339594 (softcover) cDLC00a174 HIL 2000 A001 Or.1 aSchinzinger, Roland.10aIntroduction to engineering ethics / aBoston :bMcGraw Hill,c2000. axi, 260 p. :bill. ;c24 cm. 0aEngineering ethics.1 aMartin, Mike W.,42uhttp://www.loc.gov/catdir/description/mh023/99039643.html41uhttp://www.loc.gov/catdir/toc/mh023/99039643.html cEK c11468d11468 0010406174_000000000000000_HIL_2000_A001_OR70959355aLBAbLBAcA001d2017-08-02o174 HIL 2000 A001 Or.pA13043r2017-08-02yEK